LIBRARY & INFORMATION CENTRE, KCAET, TAVANUR

ONLINE PUBLIC ACCESS CATALOGUE (OPAC)

Farm Management Principles and Strategies (Record no. 14510)

MARC details
000 -LEADER
fixed length control field 00291nam a22001217a 4500
020 ## - INTERNATIONAL STANDARD BOOK NUMBER
ISBN 9788126544592
082 ## - DEWEY DECIMAL CLASSIFICATION NUMBER
Classification number 631.
Item number OLS/FA
100 ## - MAIN ENTRY--AUTHOR NAME
Personal name Olson,Kent D.
245 ## - TITLE STATEMENT
Title Farm Management Principles and Strategies
260 ## - PUBLICATION, DISTRIBUTION, ETC. (IMPRINT)
Place of publication New Delhi
Name of publisher Wiley India
Year of publication 2014
300 ## - PHYSICAL DESCRIPTION
Number of Pages 429
942 ## - ADDED ENTRY ELEMENTS (KOHA)
Koha item type Books
Holdings
Withdrawn status Lost status Damaged status Collection code Home library Current library Shelving location Date acquired Source of acquisition Cost, normal purchase price Full call number Accession Number Koha item type
        KAUAET KAUAET General Stacks 12/07/2016 Southern Book Stall, Tvm 3295.00 631. OLS/FA 24530 Books
free website counter